| 000 | 02134cam a22005054i 4500 | ||
|---|---|---|---|
| 003 | PE-LiUPU | ||
| 005 | 20250731173433.0 | ||
| 008 | 150706s2011 bl r 000 0 spa d | ||
| 020 | _a9788589504355 | ||
| 035 | _a(Sirsi) i9788589504355 | ||
| 040 |
_aPE-LiUPU _bspa _cPE-LiUPU _erda |
||
| 049 | _aPRUA | ||
| 082 | 0 | 4 |
_a248.6 _bG83 _221 |
| 100 | 1 |
_aGroger, Renato, _eautor. |
|
| 245 | 1 | 0 |
_aSanto ao senhor : _bestudios escolhidos sobre dízimo / _cRenato Groger y Rodrigo Follis. |
| 250 | _a1a ed. | ||
| 264 | 1 |
_aEngenheiro Coelho, SP Unaspress : _bUniversitaria Adventista, _c2011. |
|
| 300 |
_a158 páginas ; _c22 centímetros |
||
| 336 |
_atext _2rdacontent |
||
| 337 |
_aunmediated _2rdamedia |
||
| 338 |
_avolume _2rdacarrier |
||
| 505 | 0 | _aOrigem e propósito do dízimo -- Finanças evangelicas: trabalhando em harmonia -- Teologia da prosperidade: breve análise crítica -- Como começou o sistema do dízimo na IASD -- O dízimo nos escritos de Ellen G. White -- Dízimo: conselhos e prática de Ellen G. White -- Declarações controvertidas sobre o dízimo em Ellen G. White -- Qual é o destino dos dízimos? -- Princípios e diretrizes sobre o dízimo -- O dízimo e a construção de uma contracultura adventista. | |
| 526 | _aSEG42 | ||
| 526 | _aSEG41 | ||
| 526 | _aSEG40 | ||
| 526 | _aSEG39 | ||
| 526 | _aP94 | ||
| 526 | _aP87 | ||
| 526 | _aP86 | ||
| 526 | _aP85 | ||
| 526 | _aP77 | ||
| 526 | _aP76 | ||
| 526 | _aP35 | ||
| 650 | 0 | 4 |
_aAdvemntistas del séptiomo día _xDoctrinas. |
| 650 | 0 | 4 | _aDiezmo. |
| 650 | 0 | 4 | _aVida Cristiana. |
| 650 | 0 | 4 |
_aOfrendas _xVida cristiana. |
| 910 |
_agl _clch _d20131107 |
||
| 942 |
_2ddc _cBOOK |
||
| 949 |
_a248.6 G83 _wDEWEY _c1 _i68422 _lCCODEBUL1 _mBUL _p16.00 _r0 _sY _tBOOK _u2015-7-6 _xBIBLIOTECA _zUNKNOWN _o.STAFF. Colección Teología |
||
| 994 |
_aC0 _bPEPRU |
||
| 596 | _a1 | ||
| 999 |
_a248.6 G83 _wDEWEY _c55810 _i68422 _d55810 _e2016-4-27 _f2021-11-10 _g5 _lCCODEBUL1 _mBUL _n6 _p16.00 _r0 _sY _tBOOK _u2015-7-6 _xTEOLOGIA _PP35 _0COMPRA _o.STAFF. Colección Teología |
||
| 980 |
_81 _gALBERTO SANCHEZ Responsable de Automatización |
||